Karrierestationen von Fußballern #5 - Statistiken

Allgemein
  • Dieses Quiz wurde 132 mal gespielt
  • Das Durchschnittsergebnis liegt bei 10 aus 15
Antwortstatistiken
Hint Antwort % Korrekt
Borussia Dortmund --> Manchester United --> Borussia Dortmund --> Manchester United --> FC Chelsea Jadon Sancho
89%
Vancouver Whitecaps FC --> Bayern München Alphonso Davies
88%
Bayern München --> Bayer Leverkusen --> Bayern München --> Real Madrid Toni Kroos
86%
VfB Stuttgart --> AS Rom --> VfB Stuttgart --> AS Rom --> FC Chelsea --> Real Madrid Antonia Rüdiger
83%
Roter Stern Belgrad --> Apollon Limassol --> Benfica Lissabon --> Eintracht Frankfurt --> Real Madrid --> Eintracht Frankfurt --> AC Florenz --> AC Mailand Luka Jović
80%
PSV Eindhoven --> Borussia Dortmund Donyell Malen
76%
Hertha BSC --> VfB Stuttgart Maximilian Mittelstädt
66%
Vitória Guimarães --> Stade Rennes --> Leeds United --> FC Barcelona Raphinha
66%
Real Madrid --> Borussia Dortmund --> Inter Mailand --> Paris Saint-Germain Achraf Hakimi
63%
Novara Calcio --> Udinese Calcio --> Sampdoria Genua --> Sporting Lissabon --> Manchester United Bruno Fernandes
58%
Karlsruher SC --> Hamburger SV --> Bayer Leverkusen --> AC Mailand --> Inter Mailand Hakan Çalhanoğlu
56%
Hamburger SV --> Fortuna Düsseldorf --> Hamburger SV --> Bayer Leverkusen Jonathan Tah
56%
AC Mailand --> Paris Saint-Germain Gianluigi Donnarumma
48%
União São João --> Palmeiras --> Inter Mailand --> Real Madrid --> Fenerbahçe Istanbul --> Corinthians --> Anzhi Makhachkala Roberto Carlos
44%
Ajax Amsterdam --> Inter Mailand --> Manchester United André Onana
43%
Keine übereinstimmenden Quizze gefunden
Verteilung der Resultate
Anzahl Personen mit jedem Resultat
Perzentil nach korrekt beantworteten Fragen
Ihre Resultats-Entwicklung
Sie haben dieses Quiz noch nicht gespielt